| 000 | 00787cam a2200205 4500 | ||
|---|---|---|---|
| 001 | ##D16144 | ||
| 008 | 090401t1978 xxu||||| |||| 00| 0 eng d | ||
| 035 | _a(Sirsi) u27367 | ||
| 041 | 0 | _aeng | |
| 050 | 0 | 4 | _a630.026 $2 18 |
| 090 | _a630.026 | ||
| 110 | 2 |
_aRoyal Institution of Chartered Surveyors _bLand Agency and Agriculture Division _91449 |
|
| 245 | 0 | 0 |
_aRICS Land Agency and Agricultural Division and Central Association of Agricultural Valuers Joint Conference _bFarm Rents. Held at the Connaught Rooms on 11 January 1978 |
| 260 |
_a[S.l.] _bRICS _c1978 |
||
| 520 | _aIncludes: programme and attendance list, biographical notes of speakers and five papers. | ||
| 651 | 4 |
_aUnited Kingdom _y |
|
| 690 | _aPROPERTY-RURAL AND NATURAL ASSETS | ||
| 942 | _n0 | ||
| 948 | _c04/03/1997 | ||
| 999 |
_c89103 _d89103 |
||